National Seminar on the United Nations Conference on Environment and Development 9-11 July 1992 : A collection of papers and reports of the ...

Bibliographic Details
Corporate Authors: UNITED Nations Conference on Environment and Development, United Nations Conference on Environment and Development
Format: Book
Published: Kuala Lumpur : United Nations Conference on Environment and Development , 1992
Subjects:

MARC

LEADER 00000cam a2200000 7i4500
001 0000000346
005 20000803.0
090 0 0 |a 344.046   |b UNI 1992 
110 1 0 |a UNITED Nations Conference on Environment and Development   |k 1992   |j Kuala Lumpur 
245 1 0 |a National Seminar on the United Nations Conference on Environment and Development 9-11 July 1992 :   |b A collection of papers and reports of the ... 
260 0 0 |a Kuala Lumpur :   |b United Nations Conference on Environment and Development ,   |c 1992 
300 |a iv, 428 p. ;   |c 30 cm. 
650 0 0 |a Environmental policy   |z Malaysia   |x Congresses 
710 1 1 |a United Nations Conference on Environment and Development 
999 |a 0000001519   |b Monograph   |c Open Shelf   |e Default branch